000
00322 a2200133 4500
005
20250311132504.0
082
_a
330. 071 HAN
100
_a
HANSON J. L.
245
_a
Economic for Student
250
_a
5th Ed.
260
_a
London,
_b
Macdonald,
_c
1963.
300
_a
xii,226p.: ill.; table.
_b
Index.
_c
19cm.
942
_2
ddc
_c
BKS
999
_c
391
_d
391